00788nam a2200181 a 4500003000200000005001700002008004100019050002800060100003500088245016000123260009200283300004000375504004100415650004000456650003700496650002900533650004400562020250415093358.0970101s19uu xx 00 eng d aPGS GV 885b.Ag283 2004 aAguiluz, Amable Marco M., XIII 4aThe effects of playing basketball on the academic performance of students as perceived by male grade six students of SISC /cAmable Marco M. Aguiluz, XIII. aLas Piñas City, Philippines : bSouthville International School and Colleges,c2004. a57 pages :billustrations ;c28 cm. aIncludes bibliographical references. aBasketballvJuvenile participation. aSports and academic performance. aAthletics and education. aBoysvEducationvPsychological aspects.